LEADER 01288nam--2200385---450- 001 990002715760203316 005 20060302121547.0 010 $a88-14-11536-2 035 $a000271576 035 $aUSA01000271576 035 $a(ALEPH)000271576USA01 035 $a000271576 100 $a20060302d2004----km-y0itay0103----ba 101 $aita 102 $aIT 105 $a||||||||001yy 200 1 $aRischio organizzativo e responsabilita degli amministratori$econtributo allo studio dell'illecito civile$fMaddalena Rabitti 210 $aMilano$cGiuffrè$d2004 215 $aVII, 257 p. x$d24 cm. 225 0 $aPubblicazioni del Dipartimento di diritto privato e comunitario$v26 410 0$12001$aPubblicazioni del Dipartimento di diritto privato e comunitario$v26 454 1$12001 461 1$1001-------$12001 606 0 $aSocieta per azioni - Amministratori - Responsabilita 676 $a346.45031 700 1$aRABITTI,$bMaddalena$0279534 801 0$aIT$bsalbc$gISBD 912 $a990002715760203316 951 $aA/COM II 36$b2358 DSI 959 $aBK 969 $aDSI 979 $aDSI$b10$c20060302$lUSA01$h1213 979 $aDSI$b10$c20060302$lUSA01$h1215 996 $aRischio organizzativo e responsabilità degli amministratori$9754247 997 $aUNISA LEADER 01169nam a2200289 i 4500 001 991003609419707536 005 20020509125039.0 008 981228s1976 it ||| | ita 035 $ab11187062-39ule_inst 035 $aPARLA185056$9ExL 040 $aDip.to Filosofia$bita 082 0 $a614 100 1 $aBerlinguer, Giovanni$03600 245 10$aMalaria urbana :$bpatologia delle metropoli /$cGiovanni Berlinguer 260 $aMilano :$bFeltrinelli,$c1976 300 $a343 p. :$bgraf. ;$c21 cm. 490 0 $aMedicina e potere ;$v14 650 4$aCittà$zItalia$xCondizioni sanitarie 650 4$aSalute 907 $a.b11187062$b23-02-17$c28-06-02 912 $a991003609419707536 945 $aLE005 300 BER04. 01$g1$i2005000032592$lle005$o-$pE0.00$q-$rl$s- $t0$u0$v0$w0$x0$y.i11335397$z28-06-02 945 $aLE002 Dir. IV N 16$g1$i2002000477750$lle002$o-$pE0.00$q-$rl$s- $t0$u0$v0$w0$x0$y.i1057976x$z27-06-02 945 $aLE009 GEOG.13-9$g1$i2009000260733$lle009$o-$pE0.00$q-$rl$s- $t0$u0$v0$w0$x0$y.i13258552$z16-04-04 996 $aMalaria urbana$9501475 997 $aUNISALENTO 998 $ale005$ale002$ale009$b01-01-98$cm$da $e-$fita$git $h0$i1 LEADER 01319nam0 22003371i 450 001 UON00073911 005 20231205102401.646 010 $a88-02-04121-0 100 $a20020107d1987 |0itac50 ba 101 $aita 102 $aIT 105 $a|||| ||||| 200 1 $aAustralia, Oceania, Africa Nera$fVinigi Grottanelli 210 $aTorino$cUTET$dc1987 215 $a317 p.$cill.$d28 cm 410 1$1001UON00088041$12001 $aStoria universale dell'arte. Sezione prima$ele civiltà antiche e primitive$fdiretta da Sabatino Moscati 606 $aArte$xAfrica Subsahariana$3UONC022449$2FI 606 $aArte$xAustralia$3UONC022450$2FI 606 $aArte$xOceania$3UONC013506$2FI 620 $aIT$dTorino$3UONL000014 676 $a709.67$cARTE - Africa subsahariana$v21 676 $a709.94$cARTE - Australia$v21 676 $a709.95$cARTE - Oceania$v21 700 1$aGROTTANELLI$bVinigi L.$3UONV007342$0450557 712 $aUtet$3UONV246439$4650 801 $aIT$bSOL$c20250926$gRICA 899 $aSIBA - SISTEMA BIBLIOTECARIO DI ATENEO$2UONSI 912 $aUON00073911 950 $aSIBA - SISTEMA BIBLIOTECARIO DI ATENEO$dSI GEN 0637 $eSI AA 11110 5 0637 996 $aAustralia, Oceania, Africa Nera$91165548 997 $aUNIOR